01357nam a2200253Ia 4500003000400000005001700004008004100021020001800062040002100080041000800101082002400109100004000133245009800173250002200271260003000293300003400323490006100357500003800418504003800456505026000494520026600754650004201020650004101062OSt20200704120925.0191128s2009 ck fr 001 0 spa d a9789586485852 aCO-JMCRcCO-JMCR0 aspa04a336.24 /bG216i2231 aGarcía Restrepo, Javier, eautor10aImpuesto de renta : blas grandes falencias del contribuyente / cJavier E. García Restrepo aPrimera edición aBogotá : bEcoe, c2009 axvi, 178 páginas ; c24 cm.0 aCiencias administrativas. Área contabilidad y finanzas aIncluye índice de abreviaturas. aBibliografía: páginas 177-1780 aNo leer el Estatuto Tributario de acuerdo a las coherencias -- Predicar que todos los dividendos son no constitutivos de renta ni ganancia ocasional -- Solicitar como I.N.C.R.N.G.O. la indemnización por daño emergente conjuntamente con el costo fiscal3 aSe tratarán aquellos pecados o falencias que a mi consideración son importantes, eso sí, sin agotar el tema, y con la seguridad de que cada vez que lea una norma, vieja o actual o cada vez que entienda mejor el suceder tributario, es posible que encuentre14aImpuestos sobre la renta zColombia 14aCuentas de orden fiscaleszColombia